ALL Canada's Drag Race vs. The World Queens - Statistics

General Stats
  • This quiz has been taken 74 times
    51 since last reset
  • The average score is 17 of 18
Answer Stats
Season Placement Country Drag Queen % Correct
πŸ‡¨πŸ‡¦ Canada's Drag Race vs. The World 🌎-Season 2- 6thπŸ’ Miss Congeniality πŸ’ πŸ‡ΊπŸ‡Έ Eureka!
96%
πŸ‡¨πŸ‡¦ Canada's Drag Race vs. The World 🌎-Season 1- 9th πŸ‡¨πŸ‡¦ Kendall Gender
96%
πŸ‡¨πŸ‡¦ Canada's Drag Race vs. The World 🌎-Season 2- πŸ† WINNER πŸ† πŸ‡¨πŸ‡¦ Lemon
96%
πŸ‡¨πŸ‡¦ Canada's Drag Race vs. The World 🌎-Season 2- 5th πŸ‡¨πŸ‡¦ Miss Fiercalicious
96%
πŸ‡¨πŸ‡¦ Canada's Drag Race vs. The World 🌎-Season 1- πŸ† WINNER πŸ† πŸ‡ΊπŸ‡Έ Ra'Jah O'Hara
96%
πŸ‡¨πŸ‡¦ Canada's Drag Race vs. The World 🌎-Season 1- 3rd/4th πŸ‡¨πŸ‡¦ Rita Baga
96%
πŸ‡¨πŸ‡¦ Canada's Drag Race vs. The World 🌎-Season 1- πŸ₯ˆ Runner-Up πŸ₯ˆ πŸ‡ΊπŸ‡Έ Silky Nutmeg Ganache
96%
πŸ‡¨πŸ‡¦ Canada's Drag Race vs. The World 🌎-Season 1- 8th πŸ‡¨πŸ‡¦ Stephanie Prince
96%
πŸ‡¨πŸ‡¦ Canada's Drag Race vs. The World 🌎-Season 1- 3rd/4th πŸ‡¬πŸ‡§ Victoria Scone
96%
πŸ‡¨πŸ‡¦ Canada's Drag Race vs. The World 🌎-Season 2- πŸ₯ˆ Runner-Up πŸ₯ˆ πŸ‡ΊπŸ‡Έ Alexis Mateo
92%
πŸ‡¨πŸ‡¦ Canada's Drag Race vs. The World 🌎-Season 1- 7thπŸ’ Miss Congeniality πŸ’ πŸ‡¦πŸ‡Ί Anita Wigl'it
92%
πŸ‡¨πŸ‡¦ Canada's Drag Race vs. The World 🌎-Season 2- 3rd/4th πŸ‡¬πŸ‡§ Cheryl
92%
πŸ‡¨πŸ‡¦ Canada's Drag Race vs. The World 🌎-Season 1- 6th[Quit] πŸ‡¨πŸ‡¦ Icesis Couture
92%
πŸ‡¨πŸ‡¦ Canada's Drag Race vs. The World 🌎-Season 2- 3rd/4th πŸ‡ΊπŸ‡Έ Kennedy Davenport
88%
πŸ‡¨πŸ‡¦ Canada's Drag Race vs. The World 🌎-Season 2- 9th πŸ‡«πŸ‡· La Kahena
88%
πŸ‡¨πŸ‡¦ Canada's Drag Race vs. The World 🌎-Season 1- 5th πŸ‡¬πŸ‡§ Vanity Milan
88%
πŸ‡¨πŸ‡¦ Canada's Drag Race vs. The World 🌎-Season 2- 7th πŸ‡¨πŸ‡¦ Tynomi Banks
85%
πŸ‡¨πŸ‡¦ Canada's Drag Race vs. The World 🌎-Season 2- 8th πŸ‡¬πŸ‡§ Le Fil
81%
No matching quizzes found
Score Distribution
Percent of People with Each Score
Percentile by Number Answered
Your Score History
You have not taken this quiz since the last reset